000 00965cam a2200313 i 4500
001 2234608
003 OSt
005 20140310182722.0
008 770603s1977 ilu 001 0 eng
010 _a 76028891
020 _a0256019576
040 _aDLC
_cDLC
_dDLC
050 0 0 _aHF 5635
_b.W458 1977
082 0 0 _aM 657
_2W46 1977
100 1 _aWelsch, Glenn A.
245 1 0 _aStudy guide for use with fundamentals of financial accounting /
_cWelsch, Glenn; Anthony, Robert N.
260 _aHomewood, Illinois :
_bRichard D. Irwin, Inc.,
_cc1977.
300 _a177 p.
_c28 cm.
490 0 _aThe Willard J. Graham series in accounting
500 _aIncludes index.
521 _aCollege Students
526 _c1210L-1700L
541 _j1
562 _e1
650 0 _aAccounting.
700 1 _aAnthony, Robert N.
_q(Robert Newton),
_d1916-2006,
_ejoint author.
906 _a7
_bcbc
_corignew
_d2
_eocip
_f19
_gy-gencatlg
942 _2lcc
_cBK
_kM
999 _c15358
_d15358